00733nam a2200205 a 450000100100000000500170001000800410002704000250006808200190009310000430011224500440015526000450019930000210024465000280026565000310029391000370032404900090036195201400037099900170051000001206620240412074229.0091104s1946 dr 001 p spa d aDO-SdBNPbspacBNPHU aRD861.44bE18t1 aEchavarria, Colón,d1898-197992392610aTambor de negros /cColón Echavarria. aBuenos Aires, Argentina :bNorte,c1946. a155 p. ;c20 cm. 0aPoesía dominicana966 0aLiteratura dominicana.967 aValidado. Control de calidad EMS aBNPD 001050718RVaPDbPDcHDd2009-11-04iLF1l0oRD861.44 E18tp12066-10r2020-06-25w2020-06-25y1zDedicado por el autorZNo se presta c11733d11733